000 00286nam a22001217a 4500
040 _cHS
082 _a338
100 _aCHHAY KONGKEA
245 _aAgricultural development strategy in cambodia
260 _aPhilosophy in Economics
_bCHHAY KONGKEA
_c2006
300 _a141p;
942 _cEK
999 _c9106
_d9106